Bundesligisten, die noch KEINEN deutschen WM-Teilnehmer stellten - Statistiken

Allgemein
  • Dieses Quiz wurde 211 mal gespielt
    67 seit der letzten Aktualisierung
  • Das Durchschnittsergebnis liegt bei 4 aus 8
Antwortstatistiken
Verein % Korrekt
Heidenheim
76%
Holstein Kiel
61%
Mainz
51%
St Pauli
51%
Hoffenheim
43%
Bochum
39%
Union Berlin
39%
Wolfsburg
33%
Keine übereinstimmenden Quizze gefunden
Verteilung der Resultate
Anzahl Personen mit jedem Resultat
Perzentil nach korrekt beantworteten Fragen
Ihre Resultats-Entwicklung
Sie haben dieses Quiz seit der letzten Aktualisierung nicht gespielt